[Event "Bundesliga 2022-23"]
[Site "Deggendorf GER"]
[Date "2023.03.18"]
[Round "10.6"]
[Board "2"]
[White "Saric, Ivan"]
[Black "Bartel, Mateusz"]
[Result "0-1"]
[WhiteTitle "GM"]
[BlackTitle "GM"]
[WhiteElo "2668"]
[BlackElo "2630"]
[WhiteTeam "Muenchener Schachclub 1836"]
[BlackTeam "USV TU Dresden"]
[WhiteFideId "14508150"]
[BlackFideId "1112635"]
[EventDate "2022.10.22"]

1. e4 e6 2. d4 d5 3. Nc3 Bb4 4. e5 c5 5. a3 Bxc3+ 6. bxc3 Nc6 7. Qg4 g6 8. h4 h6
9. a4 Qa5 10. Bd2 Bd7 11. Ne2 O-O-O 12. Nf4 c4 13. g3 Nge7 14. Bh3 Kb8 15. Qf3
Ka8 16. Ng2 Rdf8 17. Ne3 Ng8 18. O-O f5 19. exf6 Nxf6 20. Qe2 g5 21. hxg5 hxg5
22. Bg2 Bc8 23. Rfc1 Qc7 24. Nf1 Qg7 25. f3 Nh5 26. Re1 Qg6 27. Bc1 Rf7 28. Qf2
Rfh7 29. Ne3 Ne7 30. Ba3 Nf5 31. Nxf5 exf5 32. f4 gxf4 33. Qf3 Nxg3 34. Bc1 Ne4
35. Kf1 Qg3 36. Bxf4 Rh1+ 37. Ke2 Nxc3+ 38. Kd2 Ne4+ 39. Ke2 Rxe1+ 40. Rxe1 Qg6
41. Kf1 c3 42. Kg1 Rg8 43. a5 Bd7 44. Qh3 Ba4 45. Re2 Qf6 46. Be5 Qg5 47. a6 Bb5
48. axb7+ Kxb7 49. Re3 a5 50. Kh2 Rg6 51. Qf3 Bc4 52. Bf4 Qh4+ 53. Kg1 Rb6 54.
Bh3 Rb1+ 0-1

[Event "Bundesliga 2022-23"]
[Site "Deggendorf GER"]
[Date "2023.03.18"]
[Round "10.6"]
[Board "3"]
[White "Pechac, Jergus"]
[Black "Indjic, Aleksandar"]
[Result "1-0"]
[WhiteTitle "GM"]
[BlackTitle "GM"]
[WhiteElo "2633"]
[BlackElo "2630"]
[WhiteTeam "USV TU Dresden"]
[BlackTeam "Muenchener Schachclub 1836"]
[WhiteFideId "14926970"]
[BlackFideId "911925"]
[EventDate "2022.10.22"]

1. e4 c5 2. c3 d5 3. exd5 Nf6 4. Bb5+ Nbd7 5. d4 a6 6. Be2 Nxd5 7. Nf3 e6 8. c4
N5f6 9. Nc3 Qc7 10. O-O cxd4 11. Qxd4 b6 12. Bf4 Qc5 13. Qd2 Bb7 14. Rab1 Be7
15. b4 Qc6 16. Rfd1 O-O 17. Bd6 Bxd6 18. Qxd6 Rfc8 19. Qg3 Qc7 20. Rd4 Qxg3 21.
hxg3 Kf8 22. Nd2 Ke7 23. Nb3 Rc7 24. a4 Ne5 25. a5 b5 26. Nc5 Nxc4 27. Nxb7 Rxb7
28. Bf3 Raa7 29. Bxb7 Rxb7 30. Re1 Rc7 31. Nd5+ Nxd5 32. Rxd5 Nd6 33. Rh5 h6 34.
Rd1 Ne4 35. Re1 Nf6 36. Rh4 Nd5 37. Rd4 Kd6 38. f4 g6 39. g4 Rc2 40. f5 g5 41.
g3 Kd7 42. Rde4 Rc6 43. Kg2 Rd6 44. fxe6+ fxe6 45. Rh1 Nf6 46. Ree1 Nxg4 47. Kf3
Rd4 48. Rd1 Ne5+ 49. Ke3 Rd6 50. Rxd6+ Kxd6 51. Rd1+ Kc7 52. Kd4 Nc6+ 53. Kc5
Ne5 54. g4 Nd7+ 55. Kd4 Kd6 56. Ke4+ Ke7 57. Kd4 Kd6 58. Kc3+ Ke7 59. Rh1 Nf6
60. Rxh6 Nxg4 61. Rh7+ Kf6 62. Ra7 Ne3 63. Rxa6 g4 64. Kd2 Nd5 65. Rb6 g3 66.
Ke2 Ke7 67. Rb7+ Kd8 68. a6 Kc8 69. Kf3 Nxb4 70. Rb6 Kc7 71. a7 Kxb6 72. a8=Q
Nc6 73. Kxg3 Kc5 74. Kf3 b4 75. Ke4 1-0

[Event "Bundesliga 2022-23"]
[Site "Deggendorf GER"]
[Date "2023.03.18"]
[Round "10.6"]
[Board "4"]
[White "Martinovic, Sasa"]
[Black "Michalik, Peter"]
[Result "1/2-1/2"]
[WhiteTitle "GM"]
[BlackTitle "GM"]
[WhiteElo "2546"]
[BlackElo "2558"]
[WhiteTeam "Muenchener Schachclub 1836"]
[BlackTeam "USV TU Dresden"]
[WhiteFideId "14509792"]
[BlackFideId "14907526"]
[EventDate "2022.10.22"]

1. d4 Nf6 2. c4 e6 3. Nf3 d5 4. Nc3 Bb4 5. Bg5 h6 6. Bxf6 Qxf6 7. Qb3 c5 8. cxd5
exd5 9. e3 O-O 10. dxc5 Bxc3+ 11. Qxc3 Qxc3+ 12. bxc3 Nd7 13. Rd1 Nf6 14. c4 Be6
15. Nd4 Rfc8 16. Nxe6 fxe6 17. cxd5 exd5 18. Rc1 Rc7 19. Bd3 Rac8 20. Kd2 Rxc5
21. Rxc5 1/2-1/2

[Event "Bundesliga 2022-23"]
[Site "Deggendorf GER"]
[Date "2023.03.18"]
[Round "10.6"]
[Board "5"]
[White "Vogel, Roven"]
[Black "Prusikin, Michael"]
[Result "1-0"]
[WhiteTitle "IM"]
[BlackTitle "GM"]
[WhiteElo "2463"]
[BlackElo "2517"]
[WhiteTeam "USV TU Dresden"]
[BlackTeam "Muenchener Schachclub 1836"]
[WhiteFideId "12908088"]
[BlackFideId "4642325"]
[EventDate "2022.10.22"]

1. d4 Nf6 2. c4 e6 3. Nf3 d5 4. g3 h6 5. Bg2 Bd6 6. O-O O-O 7. b3 b6 8. Nc3 Bb7
9. Ne5 Nc6 10. Bf4 Ne7 11. Rc1 a6 12. Na4 Nd7 13. cxd5 exd5 14. Qc2 Bxe5 15.
dxe5 c5 16. Rfd1 Bc6 17. h4 d4 18. e3 Bxg2 19. Kxg2 Nc6 20. Qe4 Rc8 21. exd4
Nxd4 22. Be3 Re8 23. Bxd4 cxd4 24. Rxc8 Qxc8 25. Qxd4 Nxe5 26. Nxb6 Qc6+ 27. Nd5
h5 28. Qe4 Kh8 29. Re1 f5 30. Qd4 Ng4 31. Rxe8+ Qxe8 32. Nf4 Qc6+ 33. Qd5 Qc2
34. Qf3 Qxa2 35. Nxh5 Qc2 36. Nf4 Kh7 37. Nd3 g6 38. h5 Qxb3 39. hxg6+ Kh6 40.
Qxf5 Qb7+ 41. Kh3 1-0

[Event "Bundesliga 2022-23"]
[Site "Deggendorf GER"]
[Date "2023.03.18"]
[Round "10.6"]
[Board "6"]
[White "Costa, Leonardo"]
[Black "Maiwald, Jens-Uwe"]
[Result "0-1"]
[WhiteTitle "FM"]
[BlackTitle "GM"]
[WhiteElo "2350"]
[BlackElo "2441"]
[WhiteTeam "Muenchener Schachclub 1836"]
[BlackTeam "USV TU Dresden"]
[WhiteFideId "16213955"]
[BlackFideId "4612396"]
[EventDate "2022.10.22"]

1. e4 e6 2. d4 d5 3. Nd2 h6 4. Ngf3 Nf6 5. e5 Nfd7 6. Bd3 c5 7. c4 dxc4 8. Nxc4
cxd4 9. O-O Nc6 10. Bf4 Nc5 11. Rc1 Nxd3 12. Qxd3 Qd5 13. Rfd1 Bd7 14. Qb3 g5
15. Bg3 g4 16. Nfd2 Nb4 17. a3 Bc6 18. f3 gxf3 19. gxf3 Na6 20. Ne4 Be7 21.
Ncd6+ Kf8 22. Qxd5 Bxd5 23. Rxd4 Rd8 24. b4 Rg8 25. Kf2 Nb8 26. b5 a6 27. a4
axb5 28. axb5 Nd7 29. Rc7 Nb6 30. Ke3 Rd7 31. Rc2 Kg7 32. Nc5 Rdd8 33. Ncxb7 Ra8
34. Rg4+ Kh7 35. Rc7 Ra3+ 36. Kd2 Rxg4 37. fxg4 Bg5+ 38. Kc2 Ra2+ 39. Kd3 Na4
40. Bf4 Ra3+ 41. Kd4 Bh4 42. Be3 Be1 43. Nc4 Bc3+ 44. Kd3 Nb2+ 45. Kc2 Nxc4 46.
Bc1 Bxe5 47. Rxc4 Ra2+ 48. Kd3 Bxc4+ 49. Kxc4 Rc2+ 0-1

[Event "Bundesliga 2022-23"]
[Site "Deggendorf GER"]
[Date "2023.03.18"]
[Round "10.6"]
[Board "7"]
[White "Boensch, Uwe"]
[Black "Radovanovic, Nikola"]
[Result "1/2-1/2"]
[WhiteTitle "GM"]
[BlackTitle "IM"]
[WhiteElo "2466"]
[BlackElo "2426"]
[WhiteTeam "USV TU Dresden"]
[BlackTeam "Muenchener Schachclub 1836"]
[WhiteFideId "4611268"]
[BlackFideId "900087"]
[EventDate "2022.10.22"]

1. d4 Nf6 2. c4 g6 3. Nc3 Bg7 4. e4 d6 5. Be2 O-O 6. Bg5 c5 7. d5 h6 8. Bd2 e6
9. Nf3 exd5 10. exd5 Re8 11. O-O Ne4 12. Nxe4 Rxe4 13. Bd3 Re8 14. h3 Na6 15. a3
Bd7 16. Qc1 Kh7 17. Bc3 f5 18. Rb1 b6 19. h4 Qe7 20. g3 Bxc3 21. Qxc3 Qg7 22.
Qd2 Qf6 23. Rfe1 Kg7 1/2-1/2

[Event "Bundesliga 2022-23"]
[Site "Deggendorf GER"]
[Date "2023.03.18"]
[Round "10.6"]
[Board "8"]
[White "Watson, William N"]
[Black "Moehn, Hans"]
[Result "0-1"]
[WhiteTitle "GM"]
[BlackTitle "FM"]
[WhiteElo "2492"]
[BlackElo "2363"]
[WhiteTeam "Muenchener Schachclub 1836"]
[BlackTeam "USV TU Dresden"]
[WhiteFideId "400157"]
[BlackFideId "24647837"]
[EventDate "2022.10.22"]

1. e4 c5 2. Nf3 e6 3. d4 cxd4 4. Nxd4 a6 5. Nc3 Qc7 6. Bd3 Nf6 7. f4 b5 8. a3 d6
9. g4 h6 10. Qe2 Bb7 11. Bd2 Nc6 12. Nxc6 Bxc6 13. O-O-O Qb7 14. Rhf1 Nd7 15. e5
dxe5 16. f5 exf5 17. Bxf5 Be7 18. Bxd7+ Bxd7 19. Qxe5 Be6 20. Be3 Bf6 21. Rxf6
gxf6 22. Qxf6 Rg8 23. Bc5 Qc7 24. Ne4 Rd8 25. Bd6 Rxd6 26. Nxd6+ Kf8 27. Qxh6+
Ke7 28. Qh4+ Kf8 29. Ne4 Qf4+ 30. Kb1 Kg7 31. Ng5 Bf5 32. Nxf7 Bxc2+ 33. Kxc2
Qe4+ 34. Rd3 Qe2+ 35. Kc3 Rc8+ 36. Kb4 Qxd3 37. Qe7 Qd2+ 38. Kb3 Qd5+ 39. Kb4
Qd2+ 40. Kb3 Qd5+ 41. Kb4 Rc4+ 42. Ka5 Ra4+ 43. Kb6 Qxf7 44. Qg5+ Qg6+ 45. Qxg6+
Kxg6 46. h4 b4 0-1

[Event "Bundesliga 2022-23"]
[Site "Hamburg GER"]
[Date "2023.03.18"]
[Round "10.7"]
[Board "1"]
[White "Moussard, Jules"]
[Black "Grandelius, Nils"]
[Result "1/2-1/2"]
[WhiteTitle "GM"]
[BlackTitle "GM"]
[WhiteElo "2686"]
[BlackElo "2651"]
[WhiteTeam "Schachfreunde Deizisau"]
[BlackTeam "Hamburger SK"]
[WhiteFideId "642908"]
[BlackFideId "1710400"]
[EventDate "2022.10.22"]

1. e4 c5 2. Nc3 e6 3. Nf3 Nc6 4. d4 cxd4 5. Nxd4 Nf6 6. Nxc6 bxc6 7. e5 Nd5 8.
Ne4 Bb7 9. c4 Nb4 10. c5 Qb8 11. f4 Ba6 12. a3 Bxf1 13. Rxf1 Nd5 14. Rf3 Be7 15.
Qc2 f5 16. exf6 Nxf6 17. Rb3 Qc7 18. Nxf6+ Bxf6 19. Be3 O-O 20. O-O-O Rab8 21.
Rd2 Rxb3 22. Qxb3 Rb8 23. Qc4 Rb7 24. g3 Qb8 25. Bd4 Bxd4 26. Qxd4 Qf8 27. Kb1
Qf5+ 28. Ka1 h6 29. Qc4 a5 30. Ka2 Kh7 31. Qc3 Qe4 32. Rd4 Qe2 33. h3 Kh8 34.
Rd2 Qe4 35. Qxa5 Qc4+ 36. Kb1 Kh7 37. Rc2 Qf1+ 38. Ka2 Qxh3 39. Qc3 Qf5 40. Rd2
Kg8 41. b4 Qe4 42. Qd3 Qxd3 43. Rxd3 Kf7 44. Kb3 Ke7 45. a4 Rb8 46. Rd1 Kd8 47.
Rh1 Kc7 48. Rh4 Rf8 49. Rg4 Rf7 50. b5 cxb5 51. axb5 Rf5 52. Kc4 g5 53. fxg5 h5
54. Rd4 Rxg5 55. b6+ Kc8 56. Rd3 Rg4+ 57. Kb5 h4 58. gxh4 Rxh4 59. b7+ Kxb7 60.
Rxd7+ Kc8 61. Rg7 e5 62. Kb6 Rb4+ 63. Kc6 Kb8 64. Rg8+ Ka7 65. Kc7 Rh4 66. c6 e4
67. Rd8 e3 68. Rd3 Rh7+ 69. Kd6 Rh6+ 70. Kc7 Rh7+ 1/2-1/2

[Event "Bundesliga 2022-23"]
[Site "Hamburg GER"]
[Date "2023.03.18"]
[Round "10.7"]
[Board "2"]
[White "Svane, Rasmus"]
[Black "Bluebaum, Matthias"]
[Result "1/2-1/2"]
[WhiteTitle "GM"]
[BlackTitle "GM"]
[WhiteElo "2615"]
[BlackElo "2647"]
[WhiteTeam "Hamburger SK"]
[BlackTeam "Schachfreunde Deizisau"]
[WhiteFideId "4657101"]
[BlackFideId "24651516"]
[EventDate "2022.10.22"]

1. d4 e6 2. c4 Nf6 3. Nf3 Bb4+ 4. Bd2 Bxd2+ 5. Qxd2 d5 6. g3 O-O 7. Bg2 c6 8.
Qc2 Nbd7 9. O-O b6 10. Nbd2 Bb7 11. b4 Qe7 12. c5 a5 13. a3 Ba6 14. Rfe1 axb4
15. axb4 Bb5 16. e4 Nxe4 17. Nxe4 dxe4 18. Qxe4 Nf6 19. Qh4 Qb7 20. Ne5 Rxa1 21.
Rxa1 Nd5 22. Be4 h6 23. Bxd5 cxd5 24. Qf4 f6 25. Ng6 Ra8 26. Rxa8+ Qxa8 27. Qc1
bxc5 28. bxc5 Be8 29. Nf4 e5 30. dxe5 fxe5 31. Nd3 e4 32. Nb4 Kh7 33. Qd1 Qa3
34. Nxd5 Qxc5 35. h3 Ba4 36. Qxa4 Qxd5 37. Qa3 Kg6 38. Qe3 Kf6 39. Kg2 g5 40.
Qb6+ Kg7 41. Qa7+ Kg6 42. Qe3 Kg7 43. g4 Kg6 44. Qb6+ Kg7 45. Qa7+ Kg6 46. Qb6+ 1/2-1/2

[Event "Bundesliga 2022-23"]
[Site "Hamburg GER"]
[Date "2023.03.18"]
[Round "10.7"]
[Board "3"]
[White "Kamsky, Gata"]
[Black "Engel, Luis"]
[Result "1-0"]
[WhiteTitle "GM"]
[BlackTitle "GM"]
[WhiteElo "2666"]
[BlackElo "2555"]
[WhiteTeam "Schachfreunde Deizisau"]
[BlackTeam "Hamburger SK"]
[WhiteFideId "2000024"]
[BlackFideId "12961523"]
[EventDate "2022.10.22"]

1. Nf3 d5 2. g3 Nc6 3. d4 Bf5 4. c3 Qd7 5. Bf4 O-O-O 6. b4 f6 7. b5 Na5 8. Qa4
b6 9. h4 Kb8 10. Nbd2 Nh6 11. Bxh6 gxh6 12. h5 Rg8 13. Nh4 Bg4 14. Bg2 Bxh5 15.
e3 e5 16. Rb1 Qe6 17. Bf3 Be8 18. Qc2 Rg5 19. a4 Bd6 20. Be2 exd4 21. cxd4 f5
22. Ndf3 Rg8 23. Nxf5 Bg6 24. N3h4 h5 25. Nxg6 hxg6 26. Nxd6 cxd6 27. Bd3 Rc8
28. Qe2 Rc3 29. Rd1 Nb3 30. O-O Rgc8 31. Qf3 Nc1 32. Bb1 R3c7 33. Rfe1 h4 34.
gxh4 g5 35. hxg5 Nb3 36. Qf5 Qg8 37. f4 Qh8 38. Kg2 Qh5 39. g6 Qh4 40. Rh1 Qe7
41. Rh3 Rc3 42. Qf7 Rc2+ 43. Bxc2 Rxc2+ 44. Kg1 Qe4 45. Rh8+ Rc8 46. Rxc8+ Kxc8
47. g7 Qxe3+ 48. Kg2 Qe2+ 49. Kg3 Qe3+ 50. Kg4 Qe2+ 51. Kg5 Qg2+ 52. Kf6 1-0

[Event "Bundesliga 2022-23"]
[Site "Hamburg GER"]
[Date "2023.03.18"]
[Round "10.7"]
[Board "4"]
[White "Svane, Frederik"]
[Black "Kollars, Dmitrij"]
[Result "1/2-1/2"]
[WhiteTitle "GM"]
[BlackTitle "GM"]
[WhiteElo "2566"]
[BlackElo "2612"]
[WhiteTeam "Hamburger SK"]
[BlackTeam "Schachfreunde Deizisau"]
[WhiteFideId "12923044"]
[BlackFideId "12909572"]
[EventDate "2022.10.22"]

1. e4 e5 2. Nf3 Nc6 3. Bc4 Nf6 4. d3 Be7 5. O-O O-O 6. Nc3 d6 7. a3 Bg4 8. h3
Bh5 9. Be3 Kh8 10. Nd5 Nxd5 11. Bxd5 Bg6 12. Re1 Qd7 13. c3 Nd8 14. d4 c6 15.
Ba2 Bxe4 16. dxe5 d5 17. c4 Ne6 18. cxd5 Bxd5 19. Qd3 Rfd8 20. Rad1 Qc7 21. Bxd5
Rxd5 22. Qf5 Rxd1 23. Rxd1 Kg8 24. Ng5 Bxg5 25. Bxg5 Nxg5 26. Qxg5 h6 27. Qe3
Rd8 28. Rxd8+ Qxd8 29. Qxa7 Qd2 30. e6 fxe6 31. Qb6 Qd7 32. h4 Kf7 33. Kh2 e5
34. a4 Ke6 35. Qb3+ Kf6 36. a5 Qd4 37. Kg1 Qd2 38. Qxb7 Qc1+ 39. Kh2 Qf4+ 40.
Kh3 Qf5+ 41. Kh2 Qf4+ 42. Kh3 Qf5+ 43. Kh2 Qf4+ 1/2-1/2

[Event "Bundesliga 2022-23"]
[Site "Hamburg GER"]
[Date "2023.03.18"]
[Round "10.7"]
[Board "5"]
[White "Heimann, Andreas"]
[Black "Lampert, Jonas"]
[Result "1-0"]
[WhiteTitle "GM"]
[BlackTitle "GM"]
[WhiteElo "2573"]
[BlackElo "2537"]
[WhiteTeam "Schachfreunde Deizisau"]
[BlackTeam "Hamburger SK"]
[WhiteFideId "24624632"]
[BlackFideId "1303759"]
[EventDate "2022.10.22"]

1. e4 e5 2. Nf3 Nc6 3. Bb5 a6 4. Ba4 Nf6 5. O-O Bc5 6. c3 b5 7. Bc2 d5 8. d4
dxe4 9. dxe5 exf3 10. Qxd8+ Nxd8 11. exf6 gxf6 12. Re1+ Be7 13. Be4 Bb7 14. g3
Bxe4 15. Rxe4 Ne6 16. Nd2 f5 17. Re1 f4 18. Nxf3 fxg3 19. hxg3 Rd8 20. a4 b4 21.
Bd2 Rd3 22. Kg2 c5 23. Re4 a5 24. Rh1 Bf6 25. Rh5 bxc3 26. bxc3 O-O 27. Bh6 Rb8
28. Rg4+ Kh8 29. Rf5 Bxc3 30. Rxf7 Rg8 31. Rh4 Bg7 32. Bxg7+ Rxg7 33. Rf6 Rd6
34. Ne5 Kg8 35. Kh2 Ra6 36. Rhh6 Re7 37. Nc4 Re8 38. f4 Kg7 39. f5 Ng5 40. Rxa6
Re2+ 41. Kg1 Nf3+ 42. Kf1 Rc2 43. Rhc6 1-0

[Event "Bundesliga 2022-23"]
[Site "Hamburg GER"]
[Date "2023.03.18"]
[Round "10.7"]
[Board "6"]
[White "Ftacnik, Lubomir"]
[Black "Dautov, Rustem"]
[Result "1/2-1/2"]
[WhiteTitle "GM"]
[BlackTitle "GM"]
[WhiteElo "2462"]
[BlackElo "2592"]
[WhiteTeam "Hamburger SK"]
[BlackTeam "Schachfreunde Deizisau"]
[WhiteFideId "14900017"]
[BlackFideId "4623606"]
[EventDate "2022.10.22"]

1. c4 e6 2. Nf3 Nf6 3. Nc3 d5 4. d4 a6 5. c5 b6 6. cxb6 cxb6 7. Bf4 Bb7 8. e3
Nbd7 9. Bd3 b5 10. O-O Be7 11. Ne5 O-O 12. Qe2 Nxe5 13. Bxe5 Nd7 14. Bg3 Nb6 15.
Rfc1 Rc8 16. Rc2 Nc4 17. Rac1 Qa5 18. Bxc4 dxc4 19. a3 Rfd8 20. f3 Qb6 21. Bf2
Bf6 22. Rd1 Rd7 23. Rcd2 Rcd8 24. Qe1 Bc6 25. e4 Bxd4 26. Rxd4 Rxd4 27. Rxd4
Rxd4 28. Ne2 e5 29. Nxd4 exd4 30. Qd2 1/2-1/2

[Event "Bundesliga 2022-23"]
[Site "Hamburg GER"]
[Date "2023.03.18"]
[Round "10.7"]
[Board "7"]
[White "Graf, Alexander"]
[Black "Kramer, Julian"]
[Result "1/2-1/2"]
[WhiteTitle "GM"]
[BlackTitle "IM"]
[WhiteElo "2558"]
[BlackElo "2467"]
[WhiteTeam "Schachfreunde Deizisau"]
[BlackTeam "Hamburger SK"]
[WhiteFideId "4680804"]
[BlackFideId "12921742"]
[EventDate "2022.10.22"]

1. Nf3 Nf6 2. g3 g6 3. Bg2 Bg7 4. O-O O-O 5. c4 c6 6. b3 d6 7. Bb2 e5 8. d3 Re8
9. Nbd2 Nbd7 10. Qc2 b6 11. e4 c5 12. Rae1 Nb8 13. Nb1 Nc6 14. Nc3 a6 15. Qb1
Rb8 16. Nd2 Nh5 17. Nd5 Ne7 18. Ne3 Bh6 19. Qd1 Bd7 20. Bc3 Nc6 21. Nf5 1/2-1/2

[Event "Bundesliga 2022-23"]
[Site "Hamburg GER"]
[Date "2023.03.18"]
[Round "10.7"]
[Board "8"]
[White "Sebastian, Dirk"]
[Black "Kozak, Adam"]
[Result "1/2-1/2"]
[WhiteTitle "IM"]
[BlackTitle "GM"]
[WhiteElo "2435"]
[BlackElo "2516"]
[WhiteTeam "Hamburger SK"]
[BlackTeam "Schachfreunde Deizisau"]
[WhiteFideId "4637607"]
[BlackFideId "753246"]
[EventDate "2022.10.22"]

1. e4 e5 2. Nf3 Nc6 3. Bc4 Bc5 4. O-O Nf6 5. d3 d6 6. c3 a5 7. Re1 Ba7 8. h3 O-O
9. Na3 h6 10. Nb5 Bb6 11. Be3 Bxe3 12. Rxe3 Re8 13. Qc2 Na7 14. Nxa7 Rxa7 15. d4
a4 16. Rd1 Qe7 17. dxe5 dxe5 18. Bb5 Bd7 19. Bxd7 Nxd7 20. Nh4 g6 21. Qe2 Nf6
22. Qc4 Kg7 23. Rg3 Kh7 24. Rgd3 Ra6 25. Nf3 Kg7 26. R3d2 Ra5 27. Ne1 Qc5 28.
Qxc5 Rxc5 29. f3 a3 30. Nd3 Rc6 31. Rc1 axb2 32. Rxb2 Rd6 33. Nc5 b6 34. Na6 Rc8
35. Nb4 Ra8 36. c4 Nd7 37. Nd5 Ra7 38. Kf1 Nc5 39. Rcc2 Kf8 40. Rd2 Na4 41. Rbc2
c6 42. Nb4 Ke7 43. Nd3 f6 44. Ke2 g5 45. Ke3 Rd4 46. g3 Nc5 47. Nxc5 bxc5 48.
Rd3 Rxd3+ 49. Kxd3 Ra3+ 50. Ke2 h5 51. Rb2 Kd6 52. h4 Kc7 53. Rc2 g4 54. fxg4
Rxg3 55. gxh5 Rh3 56. Rc1 Rxh4 57. Rf1 Rxe4+ 58. Kd3 Rd4+ 59. Ke3 Rh4 60. Rxf6
Rxh5 61. Rf7+ Kd6 62. Rf6+ Kd7 63. Ke4 Kc7 64. Rf7+ Kb6 65. Re7 Rh3 66. Rxe5 Rc3
67. Rh5 Rxc4+ 68. Kd3 Rg4 69. Kc3 Kb5 70. Rh8 Rg3+ 71. Kc2 Kb4 72. Rh2 Ka3 73.
Rh6 Kb4 74. Rxc6 Rg2+ 75. Kd3 Rg3+ 76. Kc2 Rg2+ 77. Kd3 Kb5 78. Rc8 Rxa2 79.
Rb8+ Kc6 80. Rc8+ Kb6 81. Rb8+ Kc7 82. Rh8 Ra4 83. Rh6 1/2-1/2

[Event "Bundesliga 2022-23"]
[Site "Hamburg GER"]
[Date "2023.03.18"]
[Round "10.8"]
[Board "1"]
[White "Maghsoodloo, Parham"]
[Black "Esipenko, Andrey"]
[Result "1/2-1/2"]
[WhiteTitle "GM"]
[BlackTitle "GM"]
[WhiteElo "2721"]
[BlackElo "2668"]
[WhiteTeam "FC Bayern Muenchen"]
[BlackTeam "SK Doppelbauer Turm Kiel"]
[WhiteFideId "12539929"]
[BlackFideId "24175439"]
[EventDate "2022.10.22"]

1. d4 Nf6 2. Nf3 d5 3. Bf4 c5 4. e3 Nc6 5. Nbd2 Nh5 6. dxc5 Nxf4 7. exf4 g6 8.
c3 Bh6 9. g3 Bg7 10. Bb5 O-O 11. Nb3 a5 12. a4 Bh3 13. Ng5 Bf5 14. Nf3 Rc8 15.
O-O Bg4 16. Qd3 Bxf3 17. Qxf3 e6 18. Rfd1 Qc7 19. Rab1 Rfd8 20. Nc1 b6 21. cxb6
Qxb6 22. b3 Ne7 23. Ne2 Nf5 24. c4 Nd4 25. Nxd4 Bxd4 26. Kg2 Rd6 27. Rbc1 dxc4
28. Rxc4 Rxc4 29. Bxc4 Bc5 30. Rxd6 Bxd6 31. h4 h5 32. Qc3 Qc7 1/2-1/2

[Event "Bundesliga 2022-23"]
[Site "Hamburg GER"]
[Date "2023.03.18"]
[Round "10.8"]
[Board "2"]
[White "Demchenko, Anton"]
[Black "Santos Latasa, Jaime"]
[Result "1-0"]
[WhiteTitle "GM"]
[BlackTitle "GM"]
[WhiteElo "2645"]
[BlackElo "2677"]
[WhiteTeam "SK Doppelbauer Turm Kiel"]
[BlackTeam "FC Bayern Muenchen"]
[WhiteFideId "4160258"]
[BlackFideId "2293307"]
[EventDate "2022.10.22"]

1. e4 e5 2. Nf3 Nc6 3. Bc4 Bc5 4. d3 Nf6 5. a4 d6 6. O-O O-O 7. h3 Be6 8. Bxe6
fxe6 9. Be3 Bxe3 10. fxe3 d5 11. Nbd2 Qd6 12. c3 h6 13. Qb3 Kh8 14. Rf2 b6 15.
Raf1 Rae8 16. Qc2 dxe4 17. Nxe4 Nxe4 18. dxe4 a5 19. Qe2 Qc5 20. Qb5 Qxb5 21.
axb5 Na7 22. c4 Nc8 23. Nxe5 Rxf2 24. Rxf2 Kg8 25. Rd2 Nd6 26. Rd4 Kh7 27. h4 h5
28. Kf2 a4 29. Ke2 Kg8 30. Kd2 Rf8 31. Nf3 e5 32. Nxe5 Rf2+ 33. Kc3 Re2 34. Nd3
Rxe3 35. e5 Ne4+ 36. Kc2 Re2+ 37. Kc1 Rd2 38. e6 Kf8 39. Rd7 Ke8 40. Nf4 Rxd7
41. exd7+ Kxd7 42. Nxh5 g5 43. hxg5 Nxg5 44. Kc2 Kd6 45. Kc3 Ke5 46. Kb4 Ne6 47.
Kxa4 Kf5 48. Kb4 Kg4 49. Nf6+ Kg3 50. Kc3 Kxg2 51. Kd3 Kf3 52. Nd5 Kf2 53. Ke4
Ke2 54. Ke5 Ng5 55. Nxc7 Kd3 56. c5 bxc5 57. b6 Nf7+ 58. Kd5 Nd8 59. Ne6 1-0

[Event "Bundesliga 2022-23"]
[Site "Hamburg GER"]
[Date "2023.03.18"]
[Round "10.8"]
[Board "3"]
[White "Tabatabaei, M. Amin"]
[Black "Yuffa, Daniil"]
[Result "1/2-1/2"]
[WhiteTitle "GM"]
[BlackTitle "GM"]
[WhiteElo "2657"]
[BlackElo "2601"]
[WhiteTeam "FC Bayern Muenchen"]
[BlackTeam "SK Doppelbauer Turm Kiel"]
[WhiteFideId "12521213"]
[BlackFideId "24131423"]
[EventDate "2022.10.22"]

1. e4 c5 2. Nf3 d6 3. Bb5+ Nd7 4. Ba4 Nf6 5. O-O g6 6. Qe2 a6 7. c3 b5 8. Bc2
Bg7 9. d4 cxd4 10. cxd4 Nb6 11. b3 O-O 12. a4 bxa4 13. bxa4 Bg4 14. h3 Bxf3 15.
Qxf3 Nfd7 16. Qd3 Qc7 17. Na3 Rfc8 18. Be3 e5 19. d5 Nc5 20. Qd1 Rab8 21. a5
Nbd7 22. Bd2 Qd8 23. Qe2 h5 24. Nc4 Qe7 25. Rab1 Kh7 26. Qe3 Rxb1 27. Rxb1 Rb8
28. Rxb8 Nxb8 29. h4 Qc7 30. Bd1 Nbd7 31. f3 Qb8 32. Bc2 Bf8 33. Qc3 Be7 34. Qb4
Qf8 35. g3 Qc8 36. Be3 Qc7 37. Kf1 Bd8 38. Kg1 Nb7 39. Bd3 Ndc5 40. Bf1 Qd7 41.
Kh2 Bc7 42. Bd2 Qb5 43. Qxb5 axb5 44. Nb6 Nxa5 45. Bxa5 Nb7 46. Bd2 Bxb6 47.
Bxb5 Kg7 48. Kg2 Nc5 49. Bb4 Kf6 50. Kf1 Ke7 51. Bc4 Nd7 52. Ke2 Bd4 53. Bd3 Nf6
54. Bc2 Nd7 55. Be1 Nf6 56. Kd3 Nh7 57. Kc4 g5 58. hxg5 Nxg5 59. f4 Nh7 60. Kd3
Nf6 61. Ke2 Ng4 62. Kf3 Kf6 63. Bd3 Nh2+ 64. Kg2 Ng4 65. Be2 Ke7 66. Bb4 f5 67.
Bxg4 fxg4 68. f5 Be3 69. Kf1 Bg5 70. Ke2 Kd7 71. Kd3 Kc7 72. Ba5+ Kd7 73. Be1
Kc7 74. Bf2 Kb7 75. Bg1 Ka6 76. Be3 Bf6 77. Kc4 Kb7 78. Kb5 Bd8 79. Bd2 Be7 80.
Bh6 Bf6 81. Kc4 Kc7 82. Kb4 Kb6 83. Be3+ Kb7 84. Kc4 Be7 85. Bc1 Bf6 86. Bd2 Be7
87. Kb5 Bf6 88. Bb4 Kc7 89. Be1 Kb7 90. Kc4 Kc7 91. Bb4 Bg5 92. Kd3 Kd7 93. Ba5
Kc8 94. Bd2 Bxd2 95. Kxd2 Kd7 1/2-1/2

[Event "Bundesliga 2022-23"]
[Site "Hamburg GER"]
[Date "2023.03.18"]
[Round "10.8"]
[Board "4"]
[White "Gavrilescu, David"]
[Black "Huschenbeth, Niclas"]
[Result "1-0"]
[WhiteTitle "IM"]
[BlackTitle "GM"]
[WhiteElo "2523"]
[BlackElo "2593"]
[WhiteTeam "SK Doppelbauer Turm Kiel"]
[BlackTeam "FC Bayern Muenchen"]
[WhiteFideId "1227190"]
[BlackFideId "24604747"]
[EventDate "2022.10.22"]

1. e4 c5 2. Nc3 d6 3. Bb5+ Nd7 4. a4 a6 5. Be2 Ngf6 6. f4 b6 7. Nf3 e6 8. O-O
Bb7 9. d3 Be7 10. Qe1 O-O 11. Qg3 g6 12. f5 exf5 13. exf5 Re8 14. Ng5 Bf8 15.
Bf4 Ne5 16. Nce4 Bg7 17. Nxf6+ Bxf6 18. Qh4 h5 19. fxg6 fxg6 20. Bxh5 gxh5 21.
Qxh5 Qe7 22. d4 Nd7 23. dxc5 bxc5 24. Kh1 Bxg5 25. Bxg5 Qg7 26. Ra3 Nf6 27. Qh4
Re5 28. Rg3 Ne4 29. Bf6 Qxg3 30. Qh8+ Kf7 31. Qh7+ Kf8 32. Bxe5+ Nf2+ 33. Rxf2+ 1-0